1925 1869 1548 1587 1178 1677 1682 1045 1623 1962 1247 1536 1290 1094 1648 1127 1064 1498 1178 1203 1950 1459 1614 1944 1748 1021 1390 1669 1870 1371 1531 1090 1494 1208 1673 1028 1293 1255 1991 1144 1103 1734 1724 1174 1166 1110 1043 1293 1789 1210 1915 1083 1725 1114 1537 1455 1424 1134 1592 1741 1854 1456 1051 1434 1251 1301 1883 1373 1724 1323 1745 1902 1967 1316 1345 1316 1908 1095 1521 1800 1174 1938 1485 1663 1797 1470 1764 1711 1409 1288 1084 1953 1376 1951 1577 1670 1851 1807 1918 BCNSPRNW ULIB Ver.6.0+V

เปลี่ยนเป็นภาษาไทย

Change to English
 แสดงรายละเอียดบรรณานุกรม
  กลับหน้าหลัก

Brief Record : Get Marc (ISO 2709) : E-mail record : QR code < ปิดหน้าต่าง
LEADER : 00000nam 2200000uu 4500
001    13399113887
003     ULIB
008    110320s||||||||th 000 0 tha d
099    วจ.WY16^bจ148ภ
100 0  จรรยา แก้วใจบุญ
245 00 ภาพลักษณ์ของนักศึกษา วิทยาลัยพยาบาลบรมราชชนนี พะเยา/^cจรรยา แก้วใจบุญ,เกศินี การสมพจน์ และ วรินทร์ธร ภัทราพิริยนันท์
260    พะเยา :^bวิทยาลัยพยาบาลบรมราชชนนี พะเยา,^c2554
300    80 หน้า :^bตาราง
500    รายงานการวิจัย
650  7 นักศึกษาพยาบาล^xภาพลักษณ์^xวิจัย
650  7 วิทยาลัยพยาบาล พะเยา^xวิจัย
700 02 เกศินี การสมพจน์
700 02 วรินทร์ธร ภัทราพิริยนันท์
710 2  วิทยาลัยพยาบาลบรมราชชนนี. ^bพะเยา
945    ^p0^l0^i030948
995    ทศพร
999 ^a ใช้งานได้ทุกระบบ
รายการนี้ยังไม่มีแท็ก
คุณยังไม่ได้ล็อกอิน คุณสามารถมีกิจกรรมร่วมกับเว็บไซต์ได้ แต่ต้องล็อกอินก่อน ::
  ล็อกอิน

รายการสื่อสารสนเทศ

ลำดับที่ ประเภท เลขเรียก/บาร์โค้ด สถานที่ สถานะ
1. งานวิจัย
งานวิจัย
วจ.WY16 จ148ภ ฉ.1 
  Barcode: 030948
ห้องสมุดวิทยาเขตสวรรค์ประชารักษ์
►วิจัย
บนชั้น

รายการใกล้เคียง
    ผู้แต่ง [จรรยา แก้วใจบุญ]

BibComment


ยังไม่เคยถูกคอมเมนท์

คอมเมนท์ทรัพยากรรายการนี้
  คอมเมนท์: ภาพลักษณ์ของนักศึ..


 Copyright 2026. Bcnsprnw @Library